000
00296nam a2200121Ia 4500
008
190216s9999||||xx |||||||||||||| ||und||
100
_a
Deshpande.V.D
245
0
_a
Physical Chemistry Of Macromolecules
260
_b
Vishal Publcations
_c
1985
300
_a
248p
650
_a
Chemistry
942
_c
BK
999
_c
2630
_d
2630